| 000 | 00691cam a22001937a 4500 | ||
|---|---|---|---|
| 008 | 180718b2003 xxu||||| |||| 00| 0 eng d | ||
| 020 | _a0765801833 | ||
| 082 | _aB3 G791 | ||
| 245 |
_aCollaboration in public services: the challenge for evaluation _cedited by Andrew Gray, et.al. |
||
| 260 |
_aNew Bruncswick _bTransaction _c2003 |
||
| 300 | _a251p. | ||
| 440 | _aComparative policy analysis series | ||
| 650 | _aContracting out --Evaluation. | ||
| 650 | _aPublic-private sector cooperation --Evaluation | ||
| 650 | _aIntergovernmental cooperation --Evaluation | ||
| 650 | _aAdministrative agencies --Evaluation | ||
| 650 | _aPolitical planning --Evaluation | ||
| 700 | _aGray, Andrew | ||
| 999 |
_c401822 _d401822 |
||